000 00573ntaaa2200205 4500
003 01
005 20251027202856.0
008 0714s1973 ag 01
020 _a0936625007
040 _aAR-BaBN
_bspa
_cAR-BaBN
_eaacr
_dRIC
082 _a269.2000 B27w
100 _aBarret, David B
_913564
245 _aWorld-class cities and world evangelization
250 _a1 ed.
260 _aBirmingham :
_bNew Hope,
_c1986
300 _a60 p ;
_c28 cm
500 _aContiene índice, notas bibliográficas, apéndices, bibliografía
650 _aevangelización
942 _cBK
999 _c24107
_d24107